000 00611nam a2200169 a 4500
001 000008161
005 20200929154449.0
008 090915s1986 dr b 001 0 spa d
040 _aDO-SdBNP
082 _axxx
_bG463r
100 1 _aGil Brisaboa, Pedro
_922157
245 1 3 _aLa repoblación forestal en República Dominicana :
_bespecies recomendadas /
_cPedro Gil Brisaboa, Rafael Fajardo King.
260 _aSanto Domingo, :
_bInstituto Interamericano de Cooperación para la Agricultura,
_c1986.
300 _a43 p. :
_bmap. ;
_c23 cm.
504 _aIncluye referencias bibliográficas [38-40]
049 _aBNPD
999 _c7938
_d7938